Affrontez l'Alphabet #25 (spécial communes françaises) - Statistiques

Statistiques générales
  • Ce quiz a été pris 72 fois
  • Le résultat moyen est 7 sur 11
Statistiques - réponses
Hint Réponse % Correct
Donne les 2 lettres manquantes dans le nom de la commune française en photo : _MI_NS
AE
100%
Donne les 2 lettres manquantes dans le nom de la commune française en photo : _ESAN_ON
BC
91%
Donne les 2 lettres manquantes dans le nom de la commune française en photo : LI_O_ES
MG
91%
Donne les 2 lettres manquantes dans le nom de la commune française en photo : _ANC_
NY
83%
Donne les 2 lettres manquantes dans le nom de la commune française en photo : AN_IBE_
TS
80%
Donne les 2 lettres manquantes dans le nom de la commune française en photo : _A_AL
LV
74%
Donne les 2 lettres manquantes dans le nom de la commune française en photo : BAGNE_ _
UX
72%
Donne les 2 lettres manquantes dans le nom de la commune française en photo : Le C_ESNAY-ROC_UENCOURT
HQ
67%
Donne les 2 lettres manquantes dans le nom de la commune française en photo : _OUA_
DI
48%
Donne les 2 lettres manquantes dans le nom de la commune française en photo : _E_E
RZ
19%
Dernière Question : Donne la lettre manquante dans le nom de la commune française en photo : _OUY
J
17%
Aucun quiz correspondant
Distribution des résultats
% des personnes avec chaque résultat
Percentile par nombre de réponses
Votre historique - résultats
Vous n’avez pas pris ce quiz